LEADER 01539nas 2200529-a 450 001 996336180203316 005 20230222213018.0 011 $a1750-4910 035 $a(DE-599)ZDB2628980-5 035 $a(OCoLC)60624643 035 $a(CKB)954927720454 035 $a(CONSER)--2007252819 035 $a(EXLCZ)99954927720454 100 $a20050614a19919999 s-- - 101 0 $aeng 135 $aurun||||||||| 181 $ctxt$2rdacontent 182 $cc$2rdamedia 183 $acr$2rdacarrier 200 10$aNurse author & editor 210 $aLakewood, CO $cHall Johnson Communications 210 3 $a[Oxford] $cBlackwell Pub 311 $a1054-2353 517 3 $aNurse author and editor 531 $aNURSE AUTHOR AND EDITOR A NEWSLETTER FOR NURSE AUTHORS EDITORS AND EDITORIAL 531 $aNURSE AUTHOR AND EDITOR 531 $aNURSE AUTHOR ED 606 $aNursing$xAuthorship$vPeriodicals 606 $aNursing literature$xEditing$vPeriodicals 606 $aPublishing 606 $aWriting 606 $aNursing$xAuthorship$2fast$3(OCoLC)fst01041738 608 $aNurses Instruction 608 $aPeriodical 608 $aPeriodicals.$2fast 608 $aPeriodicals.$2lcgft 610 $aNursing 615 0$aNursing$xAuthorship 615 0$aNursing literature$xEditing 615 2$aPublishing 615 2$aWriting 615 7$aNursing$xAuthorship. 676 $a808 906 $aJOURNAL 912 $a996336180203316 996 $aNurse author & editor$91968839 997 $aUNISA